000 00694nam a22002177a 4500
005 20260515115124.0
008 260317b |||||||| |||| 00| 0 eng d
020 _a9789347492112
040 _aIN-DiNC
_cIN-DiNC
041 _dasm
082 _a370.54
_bCHA
100 _aChaliha, Beda Kumar
_eauthor
245 _aSwadhinuttar kalor bharatar shikshar bikash (Major12)/
_cby Beda Kumar Chaliha, Tarun Saikia and Runu Bora Saikia
250 _a1st ed.
260 _aJorhat:
_bBidya bhawan,
_c2026.
300 _a344p.
650 _aDevelopment of education in post independent India (Major12)
700 _aSaikia, Tarun
_eauthor
700 _aSaikia, Runu Bora
_eauthor
942 _2ddc
_cBK
999 _c12311
_d12311